| 000 | 00574nam a2200205Ia 4500 | ||
|---|---|---|---|
| 005 | 20250508162018.0 | ||
| 008 | 008 250505s9999 xx 000 0 eng d | ||
| 037 | _aTextual | ||
| 040 |
_aFEDL _beng _cFEDL |
||
| 041 |
_aeng _2eng |
||
| 084 |
_a371.426, GRO _qFEDL |
||
| 100 |
_aGroneman Chris H _9620335 |
||
| 245 | 0 | _aGeneral industrial education | |
| 250 | _a6th | ||
| 260 |
_aNew York, USA _bMcGraw-Hill Book Company _c1979 |
||
| 300 | _axi,564p. | ||
| 700 |
_a Feirer John L _9772046 |
||
| 942 |
_cTEXL _h371.426, GRO |
||
| 999 |
_c1373824 _d1373824 |
||